Encyclopaedia of great Indian personalities: (Record no. 18381)
[ view plain ]
| 000 -LEADER | |
|---|---|
| fixed length control field | 01911nam a22002777a 4500 |
| 010 ## - LCCN (DPL NO) | |
| LC control number | ENG-91602 B-462344-348 |
| 020 ## - INTERNATIONAL STANDARD BOOK NUMBER | |
| International Standard Book Number | 818863283X |
| Terms of availability | 400.00 (500.00 BPPD) |
| 035 ## - SYSTEM CONTROL NUMBER | |
| System control number | EN-75135 B-462344-348 |
| 037 ## - SOURCE OF ACQUISITION | |
| Source of stock number/acquisition | DBAD / PUB |
| 037 ## - SOURCE OF ACQUISITION | |
| Source of stock number/acquisition | K.K.Pub/Ven |
| 082 ## - DEWEY DECIMAL CLASSIFICATION NUMBER | |
| Classification number | 920.054 |
| 100 ## - MAIN ENTRY--PERSONAL NAME | |
| Personal name | Sengar, Shailendra |
| 245 ## - TITLE STATEMENT | |
| Title | Encyclopaedia of great Indian personalities: |
| Statement of responsibility, etc | by Shailendra Sengar |
| Remainder of title | prominents laureates / |
| 260 ## - PUBLICATION, DISTRIBUTION, ETC. (IMPRINT) | |
| Place of publication, distribution, etc | Delhi |
| Name of publisher, distributor, etc | Pushpanjali Prakashan |
| Date of publication, distribution, etc | 2008 |
| 270 ## - ADDRESS | |
| Address | L-46, Street No. 5, Shivaji Marg, Kartar Nagar |
| City | Delhi |
| Postal code | 110053 |
| 300 ## - PHYSICAL DESCRIPTION | |
| Extent | vi, 304p. |
| Dimensions | 22cm (Hb) |
| 500 ## - GENERAL NOTE | |
| General note | Includes bibliographical references and index |
| 942 ## - ADDED ENTRY ELEMENTS (KOHA) | |
| Source of classification or shelving scheme | Dewey Decimal Classification |
| Item type | English Books |
| Call number suffix | SHA |
| Classification part | 920.054 |
| Withdrawn status | Lost status | Not for loan | Collection code | Home library | Current library | Date acquired | Source of acquisition | Cost, normal purchase price | Full call number | Barcode | Copy number | Cost, replacement price | Koha item type |
|---|---|---|---|---|---|---|---|---|---|---|---|---|---|
| Non-fiction | Central Library | Central Library | 12/07/2012 | K.K.Pub/1708/26.12.2011/25/18.01.2012/15.02.2012 | 500.00 | 920.054 SHA | B-462344 | 1 | 500.00 | English Books | |||
| Not For Loan | Non-fiction | D.B.Act.Division | D.B.Act.Division | 14/11/2008 | DBAD / PUB | 400.00 | 920.054 SHA | EN-75135 | 1 | 400.00 | English Books | ||
| Non-fiction | Karol Bagh | Karol Bagh | 12/07/2012 | K.K.Pub/1708/26.12.2011/25/18.01.2012/15.02.2012 | 500.00 | 920.054 SHA | B-462347 | 1 | 500.00 | English Books | |||
| Non-fiction | Patel Nagar | Patel Nagar | 12/07/2012 | K.K.Pub/1708/26.12.2011/25/18.01.2012/15.02.2012 | 500.00 | 920.054 SHA | B-462345 | 1 | 500.00 | English Books | |||
| Non-fiction | Sarojini Nagar | Sarojini Nagar | 12/07/2012 | K.K.Pub/1708/26.12.2011/25/18.01.2012/15.02.2012 | 500.00 | 920.054 SHA | B-462346 | 1 | 500.00 | English Books | |||
| Non-fiction | Shahdara Branch | Shahdara Branch | 12/07/2012 | K.K.Pub/1708/26.12.2011/25/18.01.2012/15.02.2012 | 500.00 | 920.054 SHA | B-462348 | 1 | 500.00 | English Books |
